Normal view
MARC view
- Urdu Literature
Entry Topical Term
001 - CONTROL NUMBER
- control field: 110074
003 - CONTROL NUMBER IDENTIFIER
- control field: NUST
005 - DATE AND TIME OF LATEST TRANSACTION
- control field: 20230309130721.0
008 - FIXED-LENGTH DATA ELEMENTS
- fixed length control field: 230309|| aca||aabn | a|a d
040 ## - CATALOGING SOURCE
- Original cataloging agency: NUST
- Transcribing agency: NUST
150 ## - HEADING--TOPICAL TERM
- Topical term or geographic name entry element: Urdu Literature
- General subdivision: Urdu History
670 ## - SOURCE DATA FOUND
- Source citation: Work cat.: (NUST)187636: Nadvi, Rasheed Akhtar 67229, Humayun Nama /ہمایون نامہ (Urdu) /, 1995
